The radical in Ambedkar: critical reflections (Record no. 1311215)

MARC details
000 -LEADER
fixed length control field 01324nam a2200229 4500
005 - DATE AND TIME OF LATEST TRANSACTION
control field 20250505142809.0
008 - FIXED-LENGTH DATA ELEMENTS--GENERAL INFORMATION
fixed length control field 250505b |||||||| |||| 00| 0 eng d
020 ## - INTERNATIONAL STANDARD BOOK NUMBER
International Standard Book Number 9780670091157
037 ## - SOURCE OF ACQUISITION
Terms of availability Textual
040 ## - CATALOGING SOURCE
Original cataloging agency RTL
Transcribing agency RTL
084 ## - COLON CLASSIFICATION NUMBER
Classification number V2:51y7M93 Q8
Assigning agency RTL
245 ## - TITLE STATEMENT
Title The radical in Ambedkar: critical reflections
260 ## - PUBLICATION, DISTRIBUTION, ETC.
Place of publication, distribution, etc. Gurugram
Name of publisher, distributor, etc. Penguin Random House
Date of publication, distribution, etc. 2018
300 ## - PHYSICAL DESCRIPTION
Extent xxxv, 497 p. ill.
Other physical details Includes bibliographical references and index
520 ## - SUMMARY, ETC.
Summary, etc. This landmark volume, edited and introduced by Anand Teltumbde and Suraj Yengde, establishes B.R. Ambedkar as the most powerful advocate of equality and fraternity in modern India. While the vibrant Dalit movement recognizes Ambedkar as an agent for social change, the intellectual class has celebrated him as the key architect of the Indian Constitution and the political establishment has sought to limit his concerns to the question of reservations. This remarkable volume seeks to unpack the radical in Ambedkar’s legacy by examining his life work from hitherto unexplored perspectives.<br/>
650 ## - SUBJECT ADDED ENTRY--TOPICAL TERM
Topical term or geographic name entry element Caste- race- Ambedkar
9 (RLIN) 754091
650 ## - SUBJECT ADDED ENTRY--TOPICAL TERM
Topical term or geographic name entry element Dalits- caste- Ambedkar
9 (RLIN) 754092
650 ## - SUBJECT ADDED ENTRY--TOPICAL TERM
Topical term or geographic name entry element Dalit- Movement- Ambedkar
9 (RLIN) 754093
700 ## - ADDED ENTRY--PERSONAL NAME
Relator term Yengde, Suraj
700 ## - ADDED ENTRY--PERSONAL NAME
Relator term Teltumbde, Anand
942 ## - ADDED ENTRY ELEMENTS (KOHA)
Source of classification or shelving scheme Colon Classification (CC)
Suppress in OPAC No
Koha item type Textbook
Classification part V2:51y7M93 Q8
Holdings
Withdrawn status Lost status Source of classification or shelving scheme Damaged status Not for loan Home library Current library Date acquired Total Checkouts Full call number Barcode Date last seen Price effective from Koha item type
    Colon Classification (CC)     Ratan Tata Library Ratan Tata Library 2025-05-05   V2:51y7M93 Q8 RT1585235 2025-05-05 2025-05-05 Textbook
Copyright @ Delhi University Library System